Katalog Plus
Bibliothek der Frankfurt UAS
Bald neuer Katalog: sichern Sie sich schon vorab Ihre persönlichen Merklisten im Nutzerkonto: Anleitung.

Einführung in die Mikroökonomik

Titel: Einführung in die Mikroökonomik : Band II: Anwendungsbeispiele / von Falk Strotebeck
Verfasser:
Ausgabe: 1st ed. 2019
Veröffentlicht: Wiesbaden : Springer Fachmedien Wiesbaden, 2019
Umfang: 1 Online-Ressource (XIX, 221 Seiten) : 89 Abb., 10 Abb. in Farbe.
Format: E-Book
Sprache: Deutsch
Schlagworte:
Andere Ausgaben: Erscheint auch als Druck-Ausgabe: Strotebeck, Falk. Einführung in die Mikroökonomik. - Wiesbaden : Springer Fachmedien Wiesbaden, 2019
ISBN: 9783658273071 ; 3658273070 ; 978--365827306-4
Buchumschlag
X
alg: 45832560
001A    $06055:01-02-20 
001B    $06055:01-01-26 $t04:42:50.000 
001D    $06055:01-02-20 
001U    $0utf8 
001X    $00 
002@    $0Oax 
002C    $aText $btxt $2rdacontent 
002D    $aComputermedien $bc $2rdamedia 
002E    $aOnline-Ressource $bcr $2rdacarrier 
003@    $0458325600 
004A    $A978-3-658-27307-1 
004A    $03-658-27307-0 
004E/04 $0SpringerNature-11775 $fSubject Collection Business and Economics (German Language) 
004O    $A978---365827306-4 $Sp 
004P    $010.1007/978-3-658-27307-1 $SV880 
007A    $0458325600 $aHEB 
007I    $0Springer978-3-658-27307-1 
009P    $qtext/html $3Inhaltsverzeichnis $uhttp://scans.hebis.de/HEBCGI/show.pl?45832560_toc.html $mX:DE-He213 
009P    $qtext/html $3Ausführliche Beschreibung $uhttp://scans.hebis.de/HEBCGI/show.pl?45832560_aub.html $mX:DE-He213 
009Q    $SV880 $uhttps://doi.org/10.1007/978-3-658-27307-1 $xR 
010@    $ager 
010E    $erda 
011@    $a2019 
013D    $RAufgabensammlung $RFormularsammlung $RFallstudiensammlung $#Mustersammlung $#Sammlung Beispielsammlung $#Beispiel Sammlung $#Beispiele Beispielsammlung $74144384-6 $8Beispielsammlung [Ts1] $908557063X 
017B    $aZDB-2-SWI 
021A    $aEinführung in die Mikroökonomik $dBand II: Anwendungsbeispiele $hvon Falk Strotebeck 
028A    $aStrotebeck $BVerfasser $dFalk $4aut 
032@    $a1st ed. 2019 
033A    $pWiesbaden $nSpringer Fachmedien Wiesbaden 
033E    $pCham $nSpringer International Publishing AG 
034D    $a1 Online-Ressource (XIX, 221 Seiten) 
034M    $a89 Abb., 10 Abb. in Farbe. 
039D    $aErscheint auch als $tEinführung in die Mikroökonomik $dWiesbaden $eSpringer Fachmedien Wiesbaden $f2019 $z978-3-658-27306-4 $lStrotebeck, Falk $nDruck-Ausgabe 
044A    $aMicroeconomics $S#0 $N650 
044A    $aMicroeconomics $S14 $N650 
044K    $RWirtschaftstheorie $RVolkswirtschaftslehre $#Microeconomics $#Microéconomie $#Microeconomía $#Mikroökonomik $#Mikroökonomie $#Mikroökonomie $#Mikroökonomik $74039225-9 $8Mikroökonomie [Ts1] $9085106909 
045B    $a338.5 $eDDC23eng 
045E    $c330 

lok: 45832560 3
101B    $003-02-20 $t08:08:24.000 
101C    $003-02-20 
101U    $0utf8 
145S/01 $a008 

exp: 45832560 3 1 #EPN
201B/01 $003-02-20 $t08:08:24.000 
201C/01 $001-02-20 
201U/01 $0utf8 
203@/01 $01078504377 
204P/01 $010.1007/978-3-658-27307-1 $SV880 
208@/01 $a01-02-20 $bl 
209B/01 $a502 $x05 

lok: 45832560 5

exp: 45832560 5 1 #EPN
201B/01 $002-02-20 $t00:43:11.921 
201C/01 $001-02-20 
201U/01 $0utf8 
203@/01 $01078504385 
204P/01 $010.1007/978-3-658-27307-1 $SV880 
208@/01 $a01-02-20 $bl 

lok: 45832560 8

exp: 45832560 8 1 #EPN
201B/01 $002-02-20 $t00:43:11.929 
201C/01 $001-02-20 
201U/01 $0utf8 
203@/01 $01078504393 
204P/01 $010.1007/978-3-658-27307-1 $SV880 
208@/01 $a01-02-20 $bl 

lok: 45832560 10

exp: 45832560 10 1 #EPN
201B/01 $002-02-20 $t00:43:11.945 
201C/01 $001-02-20 
201U/01 $0utf8 
203@/01 $01078504407 
204P/01 $010.1007/978-3-658-27307-1 $SV880 
208@/01 $a01-02-20 $bl 

lok: 45832560 11

exp: 45832560 11 1 #EPN
201B/01 $002-02-20 $t00:43:11.953 
201C/01 $001-02-20 
201U/01 $0utf8 
203@/01 $01078504415 
204P/01 $010.1007/978-3-658-27307-1 $SV880 
208@/01 $a01-02-20 $bl 

lok: 45832560 20

exp: 45832560 20 1 #EPN
201B/01 $002-02-20 $t00:43:11.969 
201C/01 $001-02-20 
201U/01 $0utf8 
203@/01 $01078504423 
204P/01 $010.1007/978-3-658-27307-1 $SV880 
208@/01 $a01-02-20 $bl 

lok: 45832560 21

exp: 45832560 21 1 #EPN
201B/01 $002-02-20 $t00:43:11.977 
201C/01 $001-02-20 
201U/01 $0utf8 
203@/01 $01078504431 
204P/01 $010.1007/978-3-658-27307-1 $SV880 
208@/01 $a01-02-20 $bl 

lok: 45832560 23

exp: 45832560 23 1 #EPN
201B/01 $002-02-20 $t00:43:11.985 
201C/01 $001-02-20 
201U/01 $0utf8 
203@/01 $0107850444X 
204P/01 $010.1007/978-3-658-27307-1 $SV880 
208@/01 $a01-02-20 $bl 

lok: 45832560 25

exp: 45832560 25 1 #EPN
201B/01 $002-02-20 $t00:43:12.001 
201C/01 $001-02-20 
201U/01 $0utf8 
203@/01 $01078504458 
204P/01 $010.1007/978-3-658-27307-1 $SV880 
208@/01 $a01-02-20 $bl 

lok: 45832560 49

exp: 45832560 49 1 #EPN
201B/01 $002-02-20 $t00:43:12.009 
201C/01 $001-02-20 
201U/01 $0utf8 
203@/01 $01078504466 
204P/01 $010.1007/978-3-658-27307-1 $SV880 
208@/01 $a01-02-20 $bl 

lok: 45832560 204

exp: 45832560 204 1 #EPN
201B/01 $002-02-20 $t00:43:12.029 
201C/01 $001-02-20 
201U/01 $0utf8 
203@/01 $01078504474 
204P/01 $010.1007/978-3-658-27307-1 $SV880 
208@/01 $a01-02-20 $bl 

lok: 45832560 205

exp: 45832560 205 1 #EPN
201B/01 $002-02-20 $t00:43:12.037 
201C/01 $001-02-20 
201U/01 $0utf8 
203@/01 $01078504482 
204P/01 $010.1007/978-3-658-27307-1 $SV880 
208@/01 $a01-02-20 $bl
LEADER 00000cam a22000002c 4500
001 458325600
003 DE-603
005 20260101044250.0
007 cr||||||||||||
008 200201s2019 xx |||| o| u00||u|ger c
020 |a 9783658273071 
020 |a 3658273070 
024 7 |a 10.1007/978-3-658-27307-1  |2 doi 
028 5 2 |a SpringerNature-11775 
035 |a (DE-599)HEB458325600 
040 |a DE-603  |b ger  |c DE-603  |d DE-603  |e rda 
041 |a ger 
082 7 |a 338.5  |2 23/eng 
084 |a 330  |q DE-101  |2 sdnb 
100 1 |a Strotebeck, Falk  |e Verfasser  |4 aut 
245 0 0 |a Einführung in die Mikroökonomik  |b Band II: Anwendungsbeispiele  |c von Falk Strotebeck 
250 |a 1st ed. 2019 
264 1 |a Wiesbaden  |b Springer Fachmedien Wiesbaden  |c 2019 
264 2 |a Cham  |b Springer International Publishing AG 
300 |a 1 Online-Ressource (XIX, 221 Seiten)  |b 89 Abb., 10 Abb. in Farbe. 
336 |a Text  |b txt  |2 rdacontent 
337 |a Computermedien  |b c  |2 rdamedia 
338 |a Online-Ressource  |b cr  |2 rdacarrier 
650 7 |a Mikroökonomie  |0 (DE-588)4039225-9  |0 (DE-603)085106909  |2 gnd 
655 7 |a Beispielsammlung  |2 gnd-content  |0 (DE-588)4144384-6  |0 (DE-603)08557063X 
776 0 8 |i Erscheint auch als  |n Druck-Ausgabe  |a Strotebeck, Falk  |t Einführung in die Mikroökonomik  |d Wiesbaden : Springer Fachmedien Wiesbaden, 2019  |z 9783658273064 
776 1 |z 978--365827306-4 
856 |u https://doi.org/10.1007/978-3-658-27307-1  |x Resolving-System 
856 4 2 |m X:DE-He213  |q text/html  |u http://scans.hebis.de/HEBCGI/show.pl?45832560_toc.html  |3 Inhaltsverzeichnis 
856 4 2 |m X:DE-He213  |q text/html  |u http://scans.hebis.de/HEBCGI/show.pl?45832560_aub.html  |3 Ausführliche Beschreibung 
912 |a ZDB-2-SWI 
924 1 |9 603  |a (DE-603)1078504377  |b DE-603  |c HES  |d d 
924 1 |9 603  |a (DE-603)1078504385  |b DE-603  |c HES  |d d 
924 1 |9 603  |a (DE-603)1078504393  |b DE-603  |c HES  |d d 
924 1 |9 603  |a (DE-603)1078504407  |b DE-603  |c HES  |d d 
924 1 |9 603  |a (DE-603)1078504415  |b DE-603  |c HES  |d d 
924 1 |9 603  |a (DE-603)1078504423  |b DE-603  |c HES  |d d 
924 1 |9 603  |a (DE-603)1078504431  |b DE-603  |c HES  |d d 
924 1 |9 603  |a (DE-603)107850444X  |b DE-603  |c HES  |d d 
924 1 |9 603  |a (DE-603)1078504458  |b DE-603  |c HES  |d d 
924 1 |9 603  |a (DE-603)1078504466  |b DE-603  |c HES  |d d 
924 1 |9 603  |a (DE-603)1078504474  |b DE-603  |c HES  |d d 
924 1 |9 603  |a (DE-603)1078504482  |b DE-603  |c HES  |d d